| 000 | 00520nam a2200181Ia 4500 | ||
|---|---|---|---|
| 999 |
_c589 _d589 |
||
| 003 | OSt | ||
| 005 | 20201230101631.0 | ||
| 008 | 190216s9999||||xx |||||||||||||| ||und|| | ||
| 020 | _a8171511945 | ||
| 040 | _coclc | ||
| 082 |
_a892.709 _bNIC/L |
||
| 100 |
_aNicholson, Reynold A _92157 |
||
| 245 | 0 |
_aA Literary History Of The Arabs / _cReynold A Nicholson |
|
| 260 |
_bKitab Bhavan, _c1994. _aNew Delhi: |
||
| 300 | _a506p | ||
| 650 | _aArabic | ||
| 942 |
_cBK _2ddc _h892.709 _iNIC/L _k892.709 _mNIC/L |
||